| 000 | 00956cam a2200301 4500 | ||
|---|---|---|---|
| 001 | J1598 | ||
| 008 | 090401t1993 xxu||||| |||| 00| 0 eng d | ||
| 035 | _a(Sirsi) u44392 | ||
| 041 | _aeng | ||
| 050 | _a333.330973 | ||
| 110 |
_aUrban Land Institute _93094 |
||
| 245 | _aLand use in transition: emerging forces & issues shaping the real estate environment. | ||
| 260 |
_aWashington, D.C. _bUrban Land Institute _c1993 |
||
| 300 | _a80p. : ill. ; 28cm. | ||
| 350 | _a0 | ||
| 520 | _aA strategic look at the underlying forces and issues that will shape US land use decisions in the years ahead, including marketplace forecasts. | ||
| 650 | _aDEVELOPMENT | ||
| 650 | _aENVIRONMENTAL ISSUES | ||
| 650 | _aEXURBIA | ||
| 650 |
_aLand use _96251 |
||
| 650 | _aRURAL AREAS | ||
| 650 | _aSUBURBAN AREAS | ||
| 650 | _aUNITED STATES OF AMERICA | ||
| 650 | _aURBAN AREAS | ||
| 690 | _aOVERSEAS-NORTH AMERICA | ||
| 942 | _n0 | ||
| 948 | _c04/03/1997 | ||
| 999 |
_c91511 _d91511 |
||